Research methods for business and social science students / (Record no. 25203)
[ view plain ]
| 000 -LEADER | |
|---|---|
| fixed length control field | 00703nam a2200217 4500 |
| 001 - CONTROL NUMBER | |
| control field | a9000 |
| 003 - CONTROL NUMBER IDENTIFIER | |
| control field | SIRSI |
| 008 - FIXED-LENGTH DATA ELEMENTS--GENERAL INFORMATION | |
| fixed length control field | 150113n2014 000 0 eng u |
| 020 ## - INTERNATIONAL STANDARD BOOK NUMBER | |
| International Standard Book Number | 9788132113669 |
| 035 ## - SYSTEM CONTROL NUMBER | |
| System control number | (Sirsi) a9957 |
| 050 00 - LIBRARY OF CONGRESS CALL NUMBER | |
| Classification number | H62 |
| Item number | .A5134 2014 |
| 100 1# - MAIN ENTRY--PERSONAL NAME | |
| Personal name | Adams, John. |
| 245 10 - TITLE STATEMENT | |
| Title | Research methods for business and social science students / |
| Statement of responsibility, etc. | John Adams, Hafiz T.A. Khan, Robert Raeside |
| 250 ## - EDITION STATEMENT | |
| Edition statement | Second edition. |
| 260 ## - PUBLICATION, DISTRIBUTION, ETC. | |
| Place of publication, distribution, etc. | New Delhi : |
| Name of publisher, distributor, etc. | SAGE Response, |
| Date of publication, distribution, etc. | 2014. |
| 504 ## - BIBLIOGRAPHY, ETC. NOTE | |
| Bibliography, etc. note | Includes bibliographical references. |
| 650 #0 - SUBJECT ADDED ENTRY--TOPICAL TERM | |
| Topical term or geographic name entry element | Social sciences |
| General subdivision | Research. |
| 650 #0 - SUBJECT ADDED ENTRY--TOPICAL TERM | |
| Topical term or geographic name entry element | Social sciences |
| General subdivision | Methodology. |
| 700 1# - ADDED ENTRY--PERSONAL NAME | |
| Personal name | Raeside, R. |
| Fuller form of name | (Robert) |
| 700 1# - ADDED ENTRY--PERSONAL NAME | |
| Personal name | Khan, Hafiz T. A. |
| Withdrawn status | Lost status | Source of classification or shelving scheme | Damaged status | Not for loan | Collection | Home library | Current library | Shelving location | Cost, normal purchase price | Total checkouts | Full call number | Barcode | Date last seen | Copy number | Price effective from | Koha item type |
|---|---|---|---|---|---|---|---|---|---|---|---|---|---|---|---|---|
| Library of Congress Classification | AUE Library Collection | MAIN | MAIN | General | 121.00 | H62 .A5134 2014 | 14005691 | 03/13/2021 | 1 | 11/19/2019 | Books |